Follow That Line: Harry Potter - Goblet of Fire Quiz Stats

 Plays Quiz Updated Aug 6, 2018

Score 0/24 Timer 08:00
6 Plays Today
% Correct
And he's sitting in this room.
94.6%
I'm fourteen.
94.3%
We cannot sing above the ground.
93.9%
Don't boast, Draco.
92.8%
Potter is a boy, not a piece of meat!
92.4%
Everyone was saying it behind your back.
92%
Sent his own son to Azkaban.
91.9%
Teaching.
91.6%
Set them on fire in my fourth year.
91.5%
Haven't the foggiest. Keep up.
91.3%
Oh, well spotted.
90.7%
I'm going to destroy you.
90.3%
% Correct
It was once my job to think as dark wizards do, Karkaroff.
90%
But Karkaroff's is not.
90%
It was old magic.
89.5%
Any questions?
89.4%
Actually, he sort of screamed at her. It was a bit frightening.
89.2%
I think he's got a bit more than friendship on his mind.
88.1%
While you can.
86.3%
I look like my Great Aunt Tessie!
85.8%
By behaving like a babbling, bumbling band of baboons.
85.2%
As from this moment, the Triwizard Tournament has begun.
83.9%
Probably just practicing for your next interview, I expect.
76.2%
Is there a bonnet?
73.7%

You're not logged in!

Compare scores with friends on all Sporcle quizzes.
OR
Log In

You Might Also Like...

Show Comments

Extras

Top Quizzes Today


Score Distribution

Your Account Isn't Verified!

In order to create a playlist on Sporcle, you need to verify the email address you used during registration. Go to your Sporcle Settings to finish the process.

Report this User

Report this user for behavior that violates our Community Guidelines.

Details: